What doesn't kill me makes me weirder and harder ... Read More
Available copies
- 1 of 1 copy available at LARL/NWRL Consortium.
- 1 of 1 copy available at Lake Agassiz Regional Library. (Show preferred library)
Current holds
0 current holds with 1 total copy.
Show Only Available Copies
| Location | Call Number / Copy Notes | Barcode | Shelving Location | Status | Due Date |
|---|---|---|---|---|---|
| Detroit Lakes Public Library | 921 LUC (Text) | 33500014356323 | New | Available | - |
Record details
- ISBN: 9781517918866
- ISBN: 1517918863
- Physical Description: 179 pages ; 22 cm.
- Publisher: Minneapolis : University of Minnesota Press, [2025]
- Copyright: ©2025
Content descriptions
| Formatted Contents Note: | Prologue: Smudge -- Introduction: Please allow me ... Read More |
| Summary, etc.: | "What's it like to be in the public spotlight when ... Read More |
Search for related items by subject
| Subject: | Lucia, Mary, 1970- Women radio broadcasters > United States > Biography. Radio broadcasters > United States > Biography. Stalking victims > United States > Biography. |
| Genre: | Autobiographies. |
| LDR | 04871cam a2200529 i 4500 | ||
|---|---|---|---|
| 001 | 482057 | ||
| 003 | LARL_NWRL_CONSORTIUM | ||
| 005 | 20260401164925.0 | ||
| 008 | 250510t20252025mnu 000 0aeng d | ||
| 007 | ta | ||
| 040 | . | ‡aYDX ‡beng ‡cYDX ‡dUKMGB ‡dOCLCO ‡dDCB ‡dOCLCO ‡dDCB ‡dOCLCO ‡dMNN ‡dMNE ‡dAUM | |
| 015 | . | ‡aGBC5C8308 ‡2bnb | |
| 016 | 7 | . | ‡a300640366 ‡2Uk |
| 020 | . | ‡a9781517918866 ‡q(hardcover) | |
| 020 | . | ‡a1517918863 ‡q(hardcover) | |
| 024 | 8 | . | ‡aCIPO000296768 |
| 035 | . | ‡a(OCoLC)1518921084 | |
| 082 | 0 | 4. | ‡a791.44092 ‡223 |
| 100 | 1 | . | ‡aLucia, Mary, ‡d1970- ‡eauthor. |
| 245 | 1 | 0. | ‡aWhat doesn't kill me makes me weirder and harder to relate to / ‡cMary Lucia. |
| 246 | 3 | . | ‡aWhat does not kill me makes me weirder and harder to relate to |
| 264 | 1. | ‡aMinneapolis : ‡bUniversity of Minnesota Press, ‡c[2025] | |
| 264 | 4. | ‡c©2025 | |
| 300 | . | ‡a179 pages ; ‡c22 cm. | |
| 336 | . | ‡atext ‡btxt ‡2rdacontent | |
| 337 | . | ‡aunmediated ‡bn ‡2rdamedia | |
| 338 | . | ‡avolume ‡bnc ‡2rdacarrier | |
| 505 | 0 | . | ‡aPrologue: Smudge -- Introduction: Please allow me to introduce myself -- Spreadsheets and sadness -- Raw meat -- Detoxicated -- Untested monkey tranquilizers -- Positivity, do we mark you present or do we mark you late? -- Now what have I done? -- Q and a-hole -- Eating out a pail -- There goes the last DJ -- 911 is a joke -- You can't put your arms around a memory -- Hey ho! Let's not! -- Are you sure you're his type? -- Sister morphine -- About that time Mr. Cheswick ate a couch -- Breaking up with Minneapolis -- Creeper's paradise -- Alone with everybody -- Taking a leave of absence from work and my mind -- What's your pain level at? -- Highway 61 regurgitated -- Halitosis -- Shingles at the stones -- Bring me dead flowers -- At this time, we begin our prority boarding of all cats -- Keep in mind there will be plenty of listeners who've forgotten you -- Smoking in the courtroom -- Shit bag returns -- For those about to salute, I rock you -- Epilogue: My mom is coming home to die -- Last show playlist. |
| 520 | . | ‡a"What's it like to be in the public spotlight when it just might get you killed? For Mary Lucia, becoming a wildly popular rock DJ meant connecting with a multitude of fans through a shared love of music and deep cuts. But for one listener, that connection became a dangerous obsession, catapulting Lucia into the terrifying three-year nightmare that she chronicles in this raw, wry, and profoundly courageous memoir. With electrifying wit and anger, Lucia shares her experience of navigating constant terror while life absurdly goes on: interview rock stars, curate a radio show song list, judge high school battles of the band, kick a drug addiction cold turkey . . . all while fearing what might be waiting in her mailbox or who might be waiting on her front step or at her back door. Lucia was no stranger to inappropriate or weird contact from fans, but things turned sinister when ten pounds of raw meat were delivered to her at work, followed by a steady stream of ominous letters, cards, packages, and messages. When the letters included threats to her dogs' safety, she tried to get help, but without a name and return address on these communications there was nothing she could do. As the stalker's actions escalated, Lucia felt more and more isolated. Police responding to her 911 calls were insensitive and dismissive, and even her friends implied that being stalked was just a hazard of her high-profile job and her high-energy personality. No one seemed to take seriously the danger she faced. Inseparable from this ordeal is the story of how Mary Lucia became the notorious radio malcontent known by so many avid listeners. From the good, bad, and weird of growing up in her eccentric family to drugs, death, and dogs, Lucia finally shares her life on her own terms in What Doesn't Kill Me Makes Me Weirder and Harder to Relate To. Applying her signature dark humor to her own traumatic experiences, Lucia's memoir is idiosyncratic, bold, and--ironically--relatable." -- ‡cAmazon.com | |
| 600 | 1 | 0. | ‡aLucia, Mary, ‡d1970- |
| 650 | 0. | ‡aWomen radio broadcasters ‡zUnited States ‡vBiography. | |
| 650 | 0. | ‡aRadio broadcasters ‡zUnited States ‡vBiography. ‡0(LARL_NWRL_CONSORTIUM)167032 | |
| 650 | 0. | ‡aStalking victims ‡zUnited States ‡vBiography. | |
| 655 | 7. | ‡aAutobiographies. ‡2lcgft | |
| 905 | . | ‡uvanderl | |
| 901 | . | ‡a482057 ‡bAUTOGEN ‡c482057 ‡tbiblio ‡soclc | |

Add to basket
Permalink
Disable Highlighting